000 00867nmm a2200265 a 4500
001 ocm000785888
003 TR-IsHL
005 20201028143615.0
008 140420s2014 tu eng
007 cr cn
020 _a9781304911735
035 _a785888
_b(N$T)
050 0 4 _aPR5363
_b.P94 2014
090 0 4 _aPR5363
_b.P94 2014
100 1 _aShaw, Bernard
245 1 0 _aPygmalion
_h[electronic resource] /
_cBernard Shaw
260 _aİstanbul :
_bE-Kitap Projesi,
_c2014
300 _a82 p.
650 4 _aDil ve Edebiyat
650 4 _aLanguage and Literature
650 0 _aErkek-kadın ilişkileri
_x Dram
650 0 _aMan-woman relationships
_x Drama
650 7 _aLITERARY COLLECTIONS / European / English, Irish, Scottish, Welsh
_2bisacsh
856 4 0 _uhttp://search.ebscohost.com/login.aspx?direct=true&scope=site&db=e011xww&AN=785888
999 _c8988
_d8988